01093 2200409 4500001002100000005001700021008004100038020002200079035002400101040001200125082001200137084001800149090001800167100002700185245004900212250001100261260003400272300003800306500003100344650003200375850001200407990001800419990001800437990001800455990001700473990001700490990001800507990001800525990001800543990001700561990001700578990001800595990001800613990001800631990001700649990001700666INLIS00000000000263520160915102515.0  a978-602-1547-30-4 0010-081400000100801 aYOPDYOG a340.112 a340.112 Cec E a340.112 Cec E aCECEP TRIWIBOWO, 1987- aEtika dan hukum kesehatanc/ Cecep Triwibowo aCet. 1 aYogyakartabNuha Medikac2014 aviii, 316 hlm.c; 23 cm. [3 eks.] aBibliografi : hlm. 310-315 aHukum dan etika - Kesehatan aYOPDYOG a10383-PD/B.15 a10384-PD/B.15 a10385-PD/B.15 a3979-KS/B.15 a3980-KS/B.15 a10383-PD/B.15 a10384-PD/B.15 a10385-PD/B.15 a3979-KS/B.15 a3980-KS/B.15 a10383-PD/B.15 a10384-PD/B.15 a10385-PD/B.15 a3979-KS/B.15 a3980-KS/B.15